| 000 | 00000nam##2200000za#4500 |
| 001 | 9.640730 |
| 003 | CaOODSP |
| 005 | 20210624222821 |
| 007 | cr ||||||||||| |
| 008 | 150407|1998||||xxc|||||o f|0| 0 fre|d |
| 040 | |aCaOODSP|bfre |
| 043 | |an-cn--- |
| 086 | 1 |aH68-46/1998F-PDF |
| 110 | 1 |aCanada.|bConseil national du bien-être social. |
| 245 | 10|aLes prestations familiales : |h[ressource électronique]|bles enfants restent encore sur leur faim |
| 260 | |aOttawa - Ontario : |bConseil national du bien-être social |cAutomne 1998. |
| 300 | |a43p.|bgraphiques, tableaux |
| 500 | |a«Le présent rapport est une suite au rapport de 1997 intitulé Prestations pour enfants: un petit pas en avant [no de cat. H68-41/1997F; ISBN 0-662-82029-0]. Il propose des façons de mieux utiliser l'argent fédéral au profit des familles avec enfants mais sans discrimination à l'égard des familles monoparentales.»--Introduction. |
| 500 | |aLe n° de catalogue (H68-46/1998F et l'ISBN (0-662-83343-0) de l'édition imprimée ont été incorrectement copiés dans la version électronique. |
| 520 | 3 |aLe présent rapport est une suite au rapport de 1997 intitulé Prestations pour enfants: un petit pas en avant [no de cat. H68-41/1997F; ISBN 0-662-82029-0]. Il propose des façons de mieux utiliser l'argent fédéral au profit des familles avec enfants mais sans discrimination à l'égard des familles monoparentales.--Introduction |
| 590 | |a12-38-Supp|b2012-09-27 |
| 691 | 07|aPension alimentaire|2gcpds |
| 775 | 08|tChild benefits : |w(CaOODSP)9.696622 |
| 776 | 0#|tLes prestations familiales: les enfants restent encore sur leur faim : |w(CaOODSP)9.680615 |
| 856 | 40|ahttp://publications.gc.ca|qPDF|s14.34 Mo|uhttps://publications.gc.ca/collections/collection_2012/cnb-ncw/H68-46-1998-fra.pdf |